00856nam a2200241 a 450000100060000000300080000600500170001400800410003103500200007204000320009204100080012408200280013210000300016024500320019026000370022230000480025950400420030760000460034965000440039594200120043999900170045195201460046823882BD-RjUL20211209001001.0140312s1962 enkach b 001 0 eng d a(BD-RjUL) 23947 aDLCcIQUdUKMdBD-RjULbeng aeng04a365.7092218bKEE 19621 aKent, John,d1923-97354010aElizabeth Fry /cJohn Kent. aLondon :bB. T. Batsford,c1962. a144 p., [14] p. of plates :bill. ;c22 cm. aBibliographical references and index.10aFry, Elizabeth Gurney,d1780-1845.973544 aFry, Elizabeth Gurney, 1780-1845973542 2ddccBK c23882d23882 00102ddc40728NFICaRUCLbRUCLcReadingd1968-08-10eZeitlingerg18.00l0o365.7092 KEE 1962r2014-03-12 00:00:00tC-1w2014-03-12yBK